00517nam a2200145 i 450000100060000000300090000600700030001500800410001810000270005924501410008626000590022730000400028670000240032685200210035066008ES-MaACLt|040126s1895 xxk ||||1| eng d1 aFurtwèangler, Adolf.10aMasterpieces of greek sculpture b: a series of essays on the history of art / cby Adolf Furthwèangler ; edited by Eugénie Sellers. aLondon : bHeinemann, c1895 (fRichard Clay and Sons) aXXIII, 487 p., 18 lám. ; c32 cm.1 aSellers, Eugénie. aES-MaACLjG-5000